00891nas a2200277 4500001001000000003000900010005001700019007000300036008003400039040005400073041000900127072001300136100002400149100001600173100001600189100001700205245012000222650001300342650001600355650001400371650001400385650002700399773010300426856005300529856003100582BR0905255BR-BrBNA20231205113627.0ta230509b bl.|||p| |||| 00| 00por d aBR-BrBNAbporcBiblioteca Nacional de Agricultura a(Pt) aP34; F041 aBarbieri Junior, D.1 aBraga, L.F.1 aRoque, C.G.1 aSousa, M.P. 1 aAnálise de crescimento de Hymenaea courbaril L. sob efeito da inoculação micorrizica e adubação fosfatada aJATOBÁ aCRESCIMENTO aMICORRIZA aFÓSFORO aADUBAÇÃO FOSFATADA0 tRevista de Ciências Agro-Ambientais (Brazil)xISSN 1677-6062g(2007), v. 5(1) p. 1-15wBR090525540uhttp://www.unemat.br/revistas/rcaa/?link=volume540dLink DSPACE/MAPA BR0905255